| 000 | 00652nam a22001937a 4500 | ||
|---|---|---|---|
| 999 |
_c190620 _d190620 |
||
| 005 | 20220801144533.0 | ||
| 010 | _aENG-133892 | ||
| 020 |
_a9788182204836 _c950.00 |
||
| 035 | _aEN-117424 | ||
| 037 | _bDBAD/PUB | ||
| 082 | _a791.43 | ||
| 100 | _aThakur, A.P. | ||
| 245 |
_aBollywood Cinematography 2011/ _cA.P. Thakur & Sunil Pandey |
||
| 260 |
_aNew Delhi _bGlobal Vision Publishing House _c2011 |
||
| 270 |
_aF-4, 1st Floor, 'Hari Sadan' 20, Ansari Road, Daryaganj _bNew Delhi _e110002 _k9810644769 _minfo@globalvisionpub.com |
||
| 300 |
_a382 p. _c24 cm(hbk) _bIndex |
||
| 700 | _aPandey, Sunil | ||
| 942 |
_2ddc _cEN _h791.43 _mTHA |
||